000
00249nam a22001097a 4500
003
OSt
008
221122b |||||||| |||| 00| 0 eng d
041
_a
eng
082
_a
336.39
_b
PRE/CO
245
_a
Control of public expenditure in india
942
_c
BK
999
_c
17585
_d
17585